Paliativos enológicos contra la crisis vinícola (Record no. 109255)

MARC details
000 -LEADER
campo de control de longitud fija 00594nam a2200157 4500
001 - NÚMERO DE CONTROL
campo de control 109255
003 - IDENTIFICADOR DE NÚMERO DE CONTROL
campo de control ES-MaACL
005 - FECHA Y HORA DE LA ÚLTIMA TRANSACCIÓN
campo de control 20230906184816.0
007 - CAMPO FIJO DE DESCRIPCIÓN FÍSICA--INFORMACIÓN GENERAL
campo de control de longitud fija t|
008 - DATOS DE LONGITUD FIJA--INFORMACIÓN GENERAL
campo de control de longitud fija 061121s1923 sp r ||||1| spa d
100 1# - ENTRADA PRINCIPAL--NOMBRE DE PERSONA
Nombre de persona Oliveras Massó, Claudio.
9 (RLIN) 86864
245 10 - MENCIÓN DEL TÍTULO
Título Paliativos enológicos contra la crisis vinícola
Resto del título : Conferencia desarrollada el 17 de abril de 1923 en Barcelona, formando parte de un ciclo sobre ` Crisis Vinícolas ` /
Mención de responsabilidad, etc. Claudio Oliveras Massó.
260 ## - PUBLICACIÓN, DISTRIBUCIÓN, ETC.
Lugar de publicación, distribución, etc. Reus :
Nombre del editor, distribuidor, etc. [s.n.],
Fecha de publicación, distribución, etc. 1923 (
Fabricante E.Navas)
300 ## - DESCRIPCIÓN FÍSICA
Extensión VIII, 74 p. ;
Dimensiones 23 cm.
852 ## - LOCALIZACIÓN
Ubicación ES-MaACL
Número de control de estantería 1673-F-9
Sublocalización o colección R.4477
Holdings
Estatus retirado Estado de pérdida Estado de daño No para préstamo Colección Biblioteca de origen Biblioteca actual Ubicación en estantería Fecha de adquisición Fuente de adquisición Total de préstamos Signatura topográfica completa Código de barras Visto por última vez Precio de reemplazo Tipo de ítem Koha
        Colección de folletos Biblioteca del Ateneo de Madrid Biblioteca del Ateneo de Madrid Depósito folletos 17/01/2008     1673-F-9 1114000 23/02/2023 23/02/2023 Folleto